000 01059cam a2200277 a 4500
001 3017106
003 ARRUPE
005 20130925143640.0
008 941202s1995 nju b 000 0 eng
010 _a 94047307
020 _a0131031104
040 _aDLC
_cDLC
_dDLC
050 0 0 _aQA76.9.A25
_bC6665 1995
245 0 0 _aComputers, ethics & social values /
_cedited by Deborah G.Johnson, Helen Nissenbaum.
246 3 _aComputers, ethics, and social values
260 _aEnglewood Cliffs, N.J. :
_bPrentice Hall,
_cc1995.
300 _avi, 714 p. ;
_c24 cm.
504 _aIncludes bibliographical references.
650 0 _aComputers and civilization.
_91259
650 0 _aComputer security.
_91260
700 1 _aJohnson, Deborah G.,
_d1945-
_91261
700 1 _aNissenbaum, Helen Fay.
_91262
906 _a7
_bcbc
_corignew
_d1
_eocip
_f19
_gy-gencatlg
942 _2lcc
_cMONOGRAPH
999 _c118044
_d118044